000
00316nam a22001457a 4500
020
_a
978-83-264-675-94
082
_a
894.812.3
_b
NIS/N
100
_a
NISHANTH, DEEPA
245
_a
NANAJUTHEERTHA MAZHAKAL
260
_a
KOTTAYAM
_b
DC BOOKS
_c
2016
300
_a
184
520
_a
NOVEL
650
_a
NOVEL
942
_c
BK
999
_c
5029
_d
5029